| Tag |
First Indicator |
Second Indicator |
Subfields |
| LEADER |
00000cam a2200000Ia 4500 |
| 001 |
in00001829613 |
| 005 |
20151026053333.0 |
| 008 |
040121s2003 sp a j 000 1 spa d |
| 020 |
|
|
|a 8426350992
|
| 035 |
|
|
|a (OCoLC)ocm54063934
|
| 040 |
|
|
|a JRK
|c JRK
|d TXA
|d UtOrBLW
|
| 041 |
1 |
|
|a spa
|h dut
|
| 049 |
|
|
|a TXAM
|
| 090 |
|
|
|a PZ73
|b .O555 2003
|
| 092 |
|
|
|a 863
|b OLLIVIER
|
| 100 |
1 |
|
|a Ollivier, Reina.
|
| 245 |
1 |
3 |
|a Un perro, Bruno? /
|c Reina Ollivier ; ilustraciones, An Candaele ; traducción, María Lerma.
|
| 246 |
3 |
|
|a Un perro, Bruno
|
| 264 |
|
1 |
|a Zaragoza :
|b Editorial Luis Vives,
|c [2003]
|
| 264 |
|
4 |
|c ©2003
|
| 300 |
|
|
|a 1 volume (unpaged) :
|b illustrations ;
|c 21 cm.
|
| 336 |
|
|
|a text
|b txt
|2 rdacontent
|
| 337 |
|
|
|a unmediated
|b n
|2 rdamedia
|
| 338 |
|
|
|a volume
|b nc
|2 rdacarrier
|
| 500 |
|
|
|a Translation of: Een hond, Rune?
|
| 650 |
|
0 |
|a Pets
|v Juvenile fiction.
|
| 650 |
|
0 |
|a Parent and child
|v Juvenile fiction.
|
| 650 |
|
7 |
|a Animales caseros
|v Novela juvenil.
|2 bidex
|
| 650 |
|
4 |
|a Padre de familia e hijo
|v Novela juvenil.
|
| 700 |
1 |
|
|a Candaele, An.
|
| 948 |
|
|
|a cataloged
|b h
|c 2004/4/1
|d c
|e jgreene
|f 2:17:12 pm
|
| 994 |
|
|
|a E0
|b TXA
|
| 999 |
|
|
|a MARS
|
| 999 |
f |
f |
|s 7eae4595-2468-3f38-a538-87f24b7ded0d
|i 13e42323-f6fa-31df-9a34-fd184e8d9464
|t 0
|
| 952 |
f |
f |
|p ric
|a Texas A&M University
|b Rellis Campus
|c Joint Library Facility
|d Remote Storage
|t 0
|e PZ73 .O555 2003
|h Library of Congress classification
|i unmediated -- volume
|m A14831125856
|
| 998 |
f |
f |
|a PZ73 .O555 2003
|t 0
|l Remote Storage
|